Štatistická kontrola meraním : Diplomová práca

Gespeichert in:
Bibliographische Detailangaben
1. Verfasser: Švecová, Marta (Verfasst von)
Weitere Verfasser: Kuric, Ivan (xxx)
Format: Manuskript Buch
Sprache:Slowakisch
Veröffentlicht: Trnava : SVŠT v Bratislave StF KOOS, 1991
Schlagworte:
Tags: Tag hinzufügen
Keine Tags, Fügen Sie das erste Tag hinzu!

MARC

LEADER 00000ntm a22000003a 4500
001 stu86152
005 20160719162657.0
008 040423s1991----cs------------------slo-d
040 |a STU  |b slo 
041 0 |a slo 
044 |a cs 
100 1 |a Švecová, Marta  |4 aut 
245 1 |a Štatistická kontrola meraním :  |b Diplomová práca 
260 |a Trnava :  |b SVŠT v Bratislave StF KOOS,  |c 1991 
300 |a 90 s 
650 7 |a Strojárska technológia-obrábanie  |2 stusub 
700 1 |a Kuric, Ivan  |4 xxx 
996 |b 284M054312  |c M*DP-2269  |l MMSKP  |s P  |a 0  |w stu86152_0001